00932cam a22002291 45000010005000000030008000050050017000130080039000300350018000690400045000870410008001320820026001401000039001662450091002052600059002963000053003555000069004085000129004775040031006066500028006376500037006654414BD-RjUL20211208233904.0131222s1962 njua b 000 0 eng a(BD-RjUL)4449 aDLCcDLCdDLCdMoSU-LdDLCdBD-RjULbeng aeng00a339.373219bGON 19621 aGoldsmith, Raymond William,d1904-14aThe national wealth of the United States in the postwar period /cRaymond W Goldsmith. aPrinceton [N.J.] :bPrinceton University Press,c1962. axxix, 434 p. (chiefly diagrs., tables) ;c24 cm. a"A study by the National Bureau of Economic Research, New York." a"A continuation of the estimates of national wealth in volume III of [the author's] A study of saving in the United States." aBibliographical footnotes. 0aCapitalzUnited States. 0aWorld War, 1939-1945xInfluence.